000 00616nam a2200193Ia 4500
003 GCL
008 140319s9999 xx 000 0 ara d
040 _aGCL /
_cGCL
082 0 4 _a574.19
_bس ا
100 1 _aسميث، اميل. ل. واخرون
245 1 0 _aاسس الكيمياء الحيوية الجوانب العامة ج1 /
_cسميث، اميل. ل. واخرون
260 _a[S.N] :
_bدار المريخ للنشر
300 _a368
490 _a
650 0 4 _aالكيمياء الحيوية
650 0 4 _aالبروتينات
650 0 4 _aالمركبات العضوية
942 _2ddc
_cBK
999 _c31328
_d31328